00394nam a2200169Ia 4500008004100000020001800041050001400059100001700073245001900090245001800109245001600127260001500143260001700158260000900175300001500184300002500199180207s9999 xx 000 0 und d a9780590486590 bH681 1983 aHoban, Tana. aI read signs : bplay ground / cTana Hoban. aNew York : bScholastic,  c1983 a32 pages : bcolor illustration ;